उपकार यू.जी.सी.नेट/जे.आर.एफ./सेट;हिन्दी/ (Record no. 68315)
[ view plain ]
| 000 -LEADER | |
|---|---|
| fixed length control field | 00980nam a22002057a 4500 |
| 005 - DATE AND TIME OF LATEST TRANSACTION | |
| control field | 2012070205495.0 |
| 020 ## - INTERNATIONAL STANDARD BOOK NUMBER | |
| Terms of availability | 299.00 |
| International Standard Book Number | 9788174824578 |
| 100 ## - MAIN ENTRY--PERSONAL NAME | |
| Personal name | शरण, जगदीश |
| 245 ## - TITLE STATEMENT | |
| Title | उपकार यू.जी.सी.नेट/जे.आर.एफ./सेट;हिन्दी/ |
| Remainder of title | (द्वितीय एवं तृतीय प्रश्न-पत्र) |
| Statement of responsibility, etc | जगदीश शरण |
| 250 ## - EDITION STATEMENT | |
| Edition statement | संशो.एवं परि.संस्क. |
| 260 ## - PUBLICATION, DISTRIBUTION, ETC. (IMPRINT) | |
| Place of publication, distribution, etc | आगरा |
| Name of publisher, distributor, etc | उपकार प्रकाशन |
| 270 ## - ADDRESS | |
| Address | 2/11 ए, स्वदेशी बीमा नगर(शाह सिनेमा के सामने) |
| Postal code | 282002 |
| Telephone number | 2530966 |
| City | आगरा |
| 300 ## - PHYSICAL DESCRIPTION | |
| Extent | 460 पृ. |
| Dimensions | 24सेंमीं (अजिल्द) |
| 490 ## - SERIES STATEMENT | |
| Series statement | |
| -- | 49850 |
| 700 ## - ADDED ENTRY--PERSONAL NAME | |
| 9 (RLIN) | 49816 |
| 710 ## - ADDED ENTRY--CORPORATE NAME | |
| 9 (RLIN) | 49817 |
| 942 ## - ADDED ENTRY ELEMENTS (KOHA) | |
| Source of classification or shelving scheme | Dewey Decimal Classification |
| Item type | Hindi Books |
| Call number suffix | शरण |
| Withdrawn status | Lost status | Not for loan | Home library | Current library | Date acquired | Cost, normal purchase price | Full call number | Cost, replacement price | Koha item type |
|---|---|---|---|---|---|---|---|---|---|
| Andrews Gunj | Andrews Gunj | 02/07/2012 | 299.00 | शरण | 299.00 | Hindi Books |
